00770nam a2200205 a 4500003000200000005001700002008004100019050003100060100001800091245009900109260009400208300004100302504004100343650003500384650002700419650002800446650002800474650003300502650002900535020250228141224.0100902s19uu xx 00 eng d aPGS LB 1028.43b.H233 2010 aHan, Yun Sug. aComputer instruction and student's participation of SISC lower school students /cYun Sug Han. aLas Piñas City, Philippines : bSouthville International School and Colleges, c2010. a18 pages :billustrations ; c28 cm. aIncludes bibliographical references. aComputer-assisted instruction. aStudent participation. aComputers and students. aEducational technology. aActive learningvTechnology. aSixth grade (Education).